000 00698nam a22001937a 4500
999 _c17779
_d17779
003 AR-CdUCM
008 190509b ||||| |||| 00| 0 spa d
040 _aMUNICIPALIDAD PROVINCIAL DEL CUSCO
_cBIBLIOTECA MUNICIPAL DEL CUSCO
082 _a345.6 /
_bG874
100 _aGriziotti Kretschmann, Jenny
_937956
245 _aHistoria de las doctrinas económicas modernas /
260 _aMexico :
_bUteha,
_c1961.
300 _a217 páginas ;
_c18 cm.
505 _aDoctrina marginalista -- La escuela del equilibrio económico -- La escuela italiana -- La escuela económica americana
650 _aEconomía.
_9382
650 _aDoctrina económica.
_937957
942 _2ddc
_cLIBROS
945 _awfj